|
|
|
|
| LEADER |
01492nam a22003732a 4500 |
| 001 |
001319568 |
| 003 |
CZ BrMZK |
| 005 |
20210722132916.0 |
| 007 |
ta |
| 008 |
130821s1968 xr er|||||||||||cze d |
| 015 |
|
|
|a cnb000424254
|
| 040 |
|
|
|a HKD001
|b cze
|d BOA001
|
| 080 |
9 |
|
|a 616.6
|
| 245 |
0 |
0 |
|a Urolitiasa :
|b plastické operace močových cest : sborník referátů přednesených na urologickém kongresu s mezinárodní účastí 12.-14. května 1966 v Brně /
|c odborný redaktor Karel Uhlíř
|
| 250 |
|
|
|a 1. vyd.
|
| 260 |
|
|
|a Brno :
|b Universita Jana Evangelisty Purkyně,
|c 1968
|
| 300 |
|
|
|a 388 s.
|
| 490 |
1 |
|
|a Acta Facultatis Medicae Universitatis Brunensis ;
|v vol. 34
|
| 504 |
|
|
|a Obsahuje bibliografii
|
| 650 |
0 |
7 |
|a chirurgie plastická
|2 czenas
|
| 650 |
0 |
7 |
|a MOČOVÉ CESTY
|2 czenas
|
| 650 |
0 |
7 |
|a OPERACE
|2 czenas
|
| 650 |
0 |
7 |
|a urolitiáza
|2 czenas
|
| 650 |
0 |
7 |
|a urologické chirurgické výkony
|2 czenas
|
| 655 |
|
7 |
|a sborníky
|7 fd163935
|2 czenas
|
| 700 |
1 |
|
|a Uhlíř, Karel,
|d 1909-1987
|7 jk01140656
|4 aut
|
| 710 |
2 |
|
|a Universita Jana Evangelisty Purkyně
|
| 711 |
2 |
|
|a Urolitiasa - plastické operace močových cest
|d (1966 :
|c Brno, Česko)
|7 kn20051020030
|
| 830 |
|
0 |
|a Acta Facultatis Medicae Universitatis Brunensis
|
| 910 |
|
|
|a BOA001
|b 2-0616.731
|
| 990 |
|
|
|a BK
|
| 991 |
|
|
|b 201308
|
| 996 |
6 |
|
|b 2619684097
|c 2-0616.731
|l HP2
|r DEN
|n 0
|w 001354618
|u 000020
|a 1
|e BOA001
|j MZK50
|s P
|
| 996 |
7 |
|
|b 2619684098
|c 2-0616.731
|l HP2
|r DEN
|n 0
|w 001354618
|u 000010
|a 1
|e BOA001
|j MZK50
|s A
|